[Event "Mumbai Mayors Cup 7th"]
[Site "Mumbai"]
[Date "2014.06.02"]
[Round "1"]
[White "Timoshenko, Georgy"]
[Black "Tejas, Ravichandran"]
[Result "1-0"]
[WhiteElo "2516"]
[BlackElo "2153"]
[PlyCount "63"]
[EventDate "2014.06.02"]
[EventType "swiss"]
[EventRounds "10"]
[EventCountry "IND"]
[SourceTitle "CBM 160 Extra"]
[Source "ChessBase"]
[SourceDate "2014.07.01"]
[SourceVersion "1"]
[SourceVersionDate "2014.07.01"]
[SourceQuality "1"]

1. e4 e6 2. d4 d5 3. Nc3 Nf6 4. e5 Nfd7 5. f4 c5 6. Nf3 Nc6 7. Be3 cxd4 8. Nxd4 Bc5 9. Qd2 0-0 10. 0-0-0 a6 11. Kb1 Nxd4 12. Bxd4 b5 13. Qe3 Qc7 14. Bd3 Bxd4 15. Qxd4 Qc5 16. Ne2 b4 17. Rc1 Qxd4 18. Nxd4 Nc5 19. Rhd1 Rb8 20. b3 a5 21. c3 Nxd3 22. Rxd3 Ba6 23. Rd2 a4 24. Kb2 axb3 25. axb3 Rb6 26. cxb4 f6 27. Rc6 Rxc6 28. Nxc6 fxe5 29. fxe5 Rf4 30. Nd4 Re4 31. b5 Bc8 32. b6 1-0

[Event "IND-ch U15"]
[Site "New Delhi"]
[Date "2010.09.12"]
[Round "11"]
[White "Tejas, Ravichandran"]
[Black "Karthikeyan, Murali"]
[Result "1-0"]
[WhiteElo "2240"]
[BlackElo "2059"]
[PlyCount "129"]
[EventDate "2010.09.04"]
[EventType "swiss"]
[EventRounds "11"]
[EventCountry "IND"]
[SourceTitle "CBM 138 Extra"]
[Source "ChessBase"]
[SourceDate "2010.10.29"]
[SourceVersion "1"]
[SourceVersionDate "2010.10.29"]
[SourceQuality "1"]

1. Nf3 Nf6 2. c4 e6 3. Nc3 d5 4. d4 Be7 5. Bf4 c6 6. e3 0-0 7. Qc2 Nbd7 8. h3 b6 9. Rd1 Bb7 10. cxd5 exd5 11. Bd3 Re8 12. 0-0 Nf8 13. e4 Ng6 14. e5 Nxf4 15. exf6 Bxf6 16. Bxh7+ Kh8 17. Bf5 g6 18. Bg4 Bg7 19. g3 Ne6 20. Ne5 Kg8 21. f4 c5 22. dxc5 bxc5 23. Ne4 f5 24. Nf2 Nd4 25. Qxc5 Ne6 26. Qb5 Qb6 27. Be2 Nc7 28. Qxb6 axb6 29. Rc1 Bxe5 30. fxe5 Ne6 31. Bb5 Re7 32. Bc6 Nd4 33. Bxb7 Rxb7 34. Kg2 Rxa2 35. Nd3 Ne6 36. Rc6 Kf7 37. Rf2 Ra4 38. h4 Re4 39. h5 Re7 40. hxg6+ Kg7 41. Rxb6 Re3 42. Rd2 Nf8 43. Nf4 R3xe5 44. Rxd5 Rxd5 45. Nxd5 Ra7 46. Nf4 Kh6 47. Rf6 Ra8 48. Rxf5 Rb8 49. b4 Kg7 50. Rf7+ Kg8 51. Nh5 Nxg6 52. Rg7+ Kh8 53. Rxg6 Rxb4 54. Nf4 Kh7 55. Rc6 Kg7 56. Kh3 Rb5 57. Kh4 Rb4 58. Kg4 Rb5 59. Rc5 Rb3 60. Kf5 Rb6 61. g4 Rf6+ 62. Kg5 Rb6 63. Rc7+ Kg8 64. Nd5 Rb5 65. Kg6 1-0

[Event "IND-ch U15"]
[Site "New Delhi"]
[Date "2010.09.10"]
[Round "9"]
[White "Tejas, Ravichandran"]
[Black "Kathirvel, M."]
[Result "1-0"]
[WhiteElo "2240"]
[BlackElo "1860"]
[PlyCount "123"]
[EventDate "2010.09.04"]
[EventType "swiss"]
[EventRounds "11"]
[EventCountry "IND"]
[SourceTitle "CBM 138 Extra"]
[Source "ChessBase"]
[SourceDate "2010.10.29"]
[SourceVersion "1"]
[SourceVersionDate "2010.10.29"]
[SourceQuality "1"]

1. Nf3 Nf6 2. c4 g6 3. Nc3 Bg7 4. d4 d6 5. h3 0-0 6. e4 Nbd7 7. Bg5 c5 8. d5 Qa5 9. Nd2 a6 10. Be2 e5 11. dxe6 fxe6 12. 0-0 Ne5 13. Nf3 Nxf3+ 14. Bxf3 Qc7 15. Qd2 Ne8 16. Rad1 Be5 17. Bg4 Nf6 18. Bxf6 Rxf6 19. Ne2 h5 20. f4 Bd4+ 21. Nxd4 hxg4 22. Ne2 gxh3 23. Qxd6 Qxd6 24. Rxd6 hxg2 25. Kxg2 b5 26. e5 Rf7 27. Rc1 g5 28. Kg3 Bb7 29. Rxe6 Raf8 30. Rg6+ Kh7 31. Rxg5 Rg7 32. Rxg7+ Kxg7 33. cxb5 Rd8 34. Rxc5 Kf8 35. bxa6 Bxa6 36. Nc3 Rd3+ 37. Kg4 Rd2 38. Kg5 Rxb2 39. Kf6 Rh2 40. f5 Rh6+ 41. Kg5 Rh2 42. e6 Ke7 43. Rc7+ Kd6 44. Ra7 Bc4 45. Rd7+ Kc6 46. a4 Rh8 47. Kf6 Rf8+ 48. Ke5 Ra8 49. Rd6+ Kc7 50. Nd5+ Bxd5 51. Rxd5 Rxa4 52. e7 Ra2 53. Kf6 Ra8 54. Kf7 Kc6 55. Rd8 Rxd8 56. exd8Q Kb7 57. Ke6 Ka6 58. Qb8 Ka5 59. Qb3 Ka6 60. Kd6 Ka7 61. Kc6 Ka8 62. Qb7# 1-0

[Event "IND-ch U15"]
[Site "New Delhi"]
[Date "2010.09.07"]
[Round "5"]
[White "Ayush, Jugele"]
[Black "Tejas, Ravichandran"]
[Result "1-0"]
[WhiteElo "1899"]
[BlackElo "2240"]
[PlyCount "81"]
[EventDate "2010.09.04"]
[EventType "swiss"]
[EventRounds "11"]
[EventCountry "IND"]
[SourceTitle "CBM 138 Extra"]
[Source "ChessBase"]
[SourceDate "2010.10.29"]
[SourceVersion "1"]
[SourceVersionDate "2010.10.29"]
[SourceQuality "1"]

1. d4 d5 2. Nf3 Nf6 3. e3 c6 4. Bd3 Bg4 5. c4 e6 6. Qb3 Qc7 7. Ne5 Bh5 8. Nc3 Bg6 9. Nxg6 hxg6 10. e4 dxe4 11. Nxe4 Nbd7 12. g3 Nxe4 13. Bxe4 e5 14. Bg5 Qb6 15. Qxb6 axb6 16. 0-0-0 Be7 17. Be3 Rxa2 18. Kb1 Ra8 19. d5 Rc8 20. d6 Bd8 21. b4 f5 22. Bc2 Nf6 23. g4 e4 24. g5 Nd7 25. h4 c5 26. b5 Nf8 27. Bf4 Kd7 28. Be5 Ne6 29. Kb2 Ra8 30. Bb3 Nd4 31. Bxg7 Rh7 32. Be5 Nf3 33. Bf4 Rh5 34. Bg3 Nd4 35. Be5 Nf3 36. Bg3 Rh7 37. Bf4 Nxh4 38. Rh3 Rh5 39. Rdh1 Ng2 40. Rxh5 gxh5 41. Bd2 1-0

[Event "IND-ch U15"]
[Site "New Delhi"]
[Date "2010.09.06"]
[Round "4"]
[White "Tejas, Ravichandran"]
[Black "Chinmay, Pathak"]
[Result "1/2-1/2"]
[WhiteElo "2240"]
[BlackElo "1868"]
[PlyCount "169"]
[EventDate "2010.09.04"]
[EventType "swiss"]
[EventRounds "11"]
[EventCountry "IND"]
[SourceTitle "CBM 138 Extra"]
[Source "ChessBase"]
[SourceDate "2010.10.29"]
[SourceVersion "1"]
[SourceVersionDate "2010.10.29"]
[SourceQuality "1"]

1. Nf3 Nf6 2. c4 g6 3. b3 Bg7 4. Bb2 0-0 5. g3 c6 6. Bg2 d5 7. 0-0 Re8 8. d4 Bf5 9. Nc3 Nbd7 10. cxd5 cxd5 11. Ne5 Qa5 12. a3 Nxe5 13. dxe5 Ne4 14. Qxd5 Qxd5 15. Nxd5 Nd2 16. Nc7 Nxf1 17. Kxf1 Be6 18. Nxa8 Rxa8 19. b4 Rd8 20. Bxb7 Rd2 21. Bc3 Rc2 22. Bd4 Rd2 23. e3 Bc4+ 24. Kg2 a6 25. a4 Bh6 26. Rc1 Rxd4 27. Kg1 Be6 28. exd4 Bxc1 29. d5 Bd7 30. Bc6 Bf5 31. b5 axb5 32. axb5 Bb2 33. f4 Bd4+ 34. Kg2 g5 35. h3 g4 36. hxg4 Bxg4 37. Kf1 Kg7 38. Ke1 Be3 39. Kf1 Kg6 40. Be8 Bf3 41. Bc6 Bg4 42. Be8 Kg7 43. Kg2 e6 44. d6 f6 45. exf6+ Kxf6 46. Bc6 e5 47. fxe5+ Kxe5 48. d7 Bb6 49. Bf3 Bxd7 50. Bc6 Be6 51. Kf3 Kf6 52. Be4 h6 53. Bc6 Kg5 54. Bb7 Bb3 55. Bc8 Bd5+ 56. Ke2 h5 57. Bd7 Bb3 58. Kf3 Bc4 59. Bc6 Be6 60. Be4 Bg4+ 61. Kg2 Be2 62. Bc6 Bc4 63. Bd7 Bd5+ 64. Kh3 Bf3 65. Bc6 Be2 66. Kg2 Bc4 67. Bd7 Bc7 68. Kh3 Bd5 69. Bc6 Be6+ 70. Kg2 Kf5 71. Bf3 Bf7 72. Bc6 Ke5 73. Bf3 Bg6 74. Kh3 Bd8 75. Bd1 Be8 76. Be2 Kd5 77. Bf3+ Kc5 78. Bc6 Bf7 79. Bd7 Bg5 80. Kg2 Bc4 81. Be8 Be2 82. Bc6 Bg4 83. Be8 Bd1 84. Bc6 Bd8 85. Bf3 1/2-1/2

[Event "Commonwealth-ch"]
[Site "New Delhi"]
[Date "2010.05.18"]
[Round "11"]
[White "Tejas, Ravichandran"]
[Black "Abhishek, Das"]
[Result "1/2-1/2"]
[WhiteElo "2165"]
[BlackElo "2331"]
[PlyCount "81"]
[EventDate "2010.05.10"]
[EventType "swiss"]
[EventRounds "11"]
[EventCountry "IND"]
[SourceTitle "CBM 136 Extra"]
[Source "ChessBase"]
[SourceDate "2010.07.02"]
[SourceVersion "2"]
[SourceVersionDate "2010.07.15"]
[SourceQuality "1"]

1. Nf3 d5 2. d4 e6 3. c4 c5 4. cxd5 exd5 5. g3 Nc6 6. Bg2 Nf6 7. 0-0 Be7 8. Nc3 0-0 9. Bg5 c4 10. Ne5 Be6 11. Nxc6 bxc6 12. b3 Qa5 13. Qc2 Rad8 14. Na4 c5 15. dxc5 Bxc5 16. Bxf6 gxf6 17. Rad1 Be7 18. Rd4 f5 19. Bh3 Bf6 20. Rf4 Bg5 21. Rf3 d4 22. bxc4 Rc8 23. c5 Bd7 24. Ra3 Qb4 25. Qb3 Rb8 26. Bg2 Bd2 27. c6 Qd6 28. Qd3 Bb4 29. Rb3 Bxc6 30. Bxc6 Qxc6 31. Nb2 Bc3 32. Nc4 Rxb3 33. axb3 Qe4 34. Rd1 Rb8 35. e3 Rxb3 36. exd4 Qxd3 37. Rxd3 a5 38. Nd2 Rb2 39. Rxc3 Rxd2 40. Rc4 Ra2 41. Rc8+ 1/2-1/2

[Event "Dubai op 12th"]
[Site "Dubai"]
[Date "2010.04.10"]
[Round "6"]
[White "Harutjunyan, Gevorg"]
[Black "Tejas, Ravichandran"]
[Result "1-0"]
[WhiteElo "2476"]
[BlackElo "2165"]
[PlyCount "89"]
[EventDate "2010.04.05"]
[EventType "swiss"]
[EventRounds "9"]
[EventCountry "UAE"]
[SourceTitle "CBM 135 Extra"]
[Source "ChessBase"]
[SourceDate "2010.05.04"]
[SourceVersion "1"]
[SourceVersionDate "2010.05.04"]
[SourceQuality "1"]

1. Nf3 Nf6 2. g3 e6 3. Bg2 d5 4. b3 c5 5. Bb2 Be7 6. 0-0 0-0 7. c4 Nc6 8. cxd5 exd5 9. d4 Bg4 10. dxc5 Bxc5 11. Nc3 Re8 12. Rc1 a6 13. h3 Be6 14. Ng5 Ba7 15. Qd3 h6 16. Nxe6 fxe6 17. e3 Qe7 18. Ne2 Nb4 19. Qd2 Nc6 20. Nf4 Qf7 21. Nd3 Rac8 22. Rc2 Bb8 23. Rfc1 Ne4 24. Bxe4 dxe4 25. Nc5 Rcd8 26. Qe2 Ne5 27. Bxe5 Bxe5 28. Qg4 Bf6 29. Nxe4 Rd7 30. Rc8 Rxc8 31. Rxc8+ Kh7 32. Qf4 Qg6 33. Kg2 h5 34. Nc5 Re7 35. Qe4 Qxe4+ 36. Nxe4 Kg6 37. h4 Kf5 38. Kf3 e5 39. Rb8 Kg6 40. Nc5 Rc7 41. Nxb7 Rc2 42. a4 e4+ 43. Kg2 Be7 44. Na5 Bc5 45. Rc8 1-0

[Event "Wch U14"]
[Site "Kemer"]
[Date "2009.11.22"]
[Round "11"]
[White "Tejas, Ravichandran"]
[Black "Mindlin, Alon"]
[Result "1-0"]
[WhiteElo "2203"]
[BlackElo "2001"]
[PlyCount "62"]
[EventDate "2009.11.12"]
[EventType "swiss"]
[EventRounds "11"]
[EventCountry "TUR"]
[SourceTitle "EXT 2010"]
[Source "ChessBase"]
[SourceDate "2010.11.25"]
[SourceVersion "1"]
[SourceVersionDate "2010.11.25"]
[SourceQuality "1"]

1. Nf3 Nf6 2. c4 b6 3. Nc3 Bb7 4. d4 e6 5. a3 d5 6. Bg5 Be7 7. e3 Nbd7 8. Rc1 0-0 9. cxd5 exd5 10. Bd3 c5 11. 0-0 Ne4 12. Bxe7 Qxe7 13. dxc5 Ndxc5 14. Be2 Nxc3 15. Rxc3 Ne4 16. Rc1 Rac8 17. Qa4 Nc5 18. Qg4 Rc6 19. b4 Rg6 20. Qh4 Qe6 21. bxc5 Rh6 22. Qd4 Rg6 23. c6 Bc8 24. Ne5 Rh6 25. Bg4 Qd6 26. Bxc8 Rxc8 27. Rfd1 Re6 28. Nf3 Rxc6 29. Rxc6 Qxc6 30. Qxd5 Qxd5 31. Rxd5 Re8 1-0

[Event "Wch U14"]
[Site "Kemer"]
[Date "2009.11.18"]
[Round "7"]
[White "Tejas, Ravichandran"]
[Black "Andersen, Mads"]
[Result "0-1"]
[WhiteElo "2203"]
[BlackElo "2294"]
[PlyCount "86"]
[EventDate "2009.11.12"]
[EventType "swiss"]
[EventRounds "11"]
[EventCountry "TUR"]
[SourceTitle "EXT 2010"]
[Source "ChessBase"]
[SourceDate "2010.11.25"]
[SourceVersion "1"]
[SourceVersionDate "2010.11.25"]
[SourceQuality "1"]

1. Nf3 Nf6 2. c4 g6 3. Nc3 d5 4. e3 Bg7 5. d4 0-0 6. Be2 c5 7. 0-0 cxd4 8. exd4 Nc6 9. h3 dxc4 10. Bxc4 Na5 11. Be2 b6 12. Bg5 Bb7 13. Re1 Rc8 14. Rc1 a6 15. a4 Qd6 16. Ne5 Rfd8 17. Bf3 Qxd4 18. Qxd4 Rxd4 19. Bxb7 Nxb7 20. Nd5 Re8 21. Nxb6 Nd5 22. Nxd5 Rxd5 23. Bf4 Nc5 24. Rc4 e6 25. a5 f6 26. Nc6 Nd3 27. Re2 Nxf4 28. Rxf4 Rc5 29. Nb4 Rxa5 30. Rc4 Bf8 31. Nd3 e5 32. g3 Kf7 33. Rc7+ Re7 34. Rc6 Rd7 35. Re3 Rad5 36. Rc3 a5 37. Kg2 Rb7 38. h4 Bd6 39. h5 f5 40. Rc8 g5 41. Rd8 Ke7 42. Rh8 Kf6 43. Rf8+ Bxf8 0-1

[Event "Wch U14"]
[Site "Kemer"]
[Date "2009.11.12"]
[Round "1"]
[White "Tejas, Ravichandran"]
[Black "San Pedro Morales, Marco Antonio"]
[Result "1-0"]
[WhiteElo "2203"]
[BlackElo "1830"]
[PlyCount "80"]
[EventDate "2009.11.12"]
[EventType "swiss"]
[EventRounds "11"]
[EventCountry "TUR"]
[SourceTitle "EXT 2010"]
[Source "ChessBase"]
[SourceDate "2010.11.25"]
[SourceVersion "1"]
[SourceVersionDate "2010.11.25"]
[SourceQuality "1"]

1. Nf3 Nf6 2. c4 d5 3. cxd5 Nxd5 4. e4 Nf6 5. Nc3 e6 6. Be2 Be7 7. 0-0 0-0 8. d4 b6 9. Bf4 Bb7 10. Qc2 Nc6 11. Rfd1 Nb4 12. Qb1 Qc8 13. a3 Nc6 14. Qc2 a6 15. Rac1 Rd8 16. d5 exd5 17. Nxd5 Rd7 18. Ne5 Nxe5 19. Bxe5 Nxd5 20. Bg4 Nf6 21. Bxd7 Nxd7 22. Qxc7 Qxc7 23. Rxc7 Bc8 24. Rcxd7 Bxd7 25. Rxd7 Rd8 26. Rxd8+ Bxd8 27. Kf1 f6 28. Bd4 Kf7 29. Ke2 Ke6 30. f4 b5 31. Ke3 g6 32. g4 f5 33. h3 Be7 34. Bb6 Bf8 35. Kd4 Bg7+ 36. e5 h5 37. g5 Bf8 38. Bc5 Bg7 39. Bd6 Kd7 40. h4 a5 1-0

[Event "IND-ch U15"]
[Site "Mumbai"]
[Date "2009.11.01"]
[Round "1"]
[White "Tejas, Ravichandran"]
[Black "Tejesh, P."]
[Result "1-0"]
[WhiteElo "2203"]
[BlackElo "1639"]
[PlyCount "69"]
[EventDate "2009.11.01"]
[EventType "swiss"]
[EventRounds "11"]
[EventCountry "IND"]
[SourceTitle "EXT 2011"]
[Source "ChessBase"]
[SourceDate "2010.11.26"]
[SourceVersion "1"]
[SourceVersionDate "2010.11.26"]
[SourceQuality "1"]

1. Nf3 g6 2. d4 Bg7 3. c4 e6 4. e4 Ne7 5. Nc3 d5 6. Be2 0-0 7. Bg5 f6 8. Bf4 dxe4 9. Nxe4 f5 10. Nc3 a6 11. Qd2 Nbc6 12. 0-0-0 b6 13. d5 exd5 14. cxd5 Na5 15. Bh6 Nb7 16. h4 Nd6 17. Bxg7 Kxg7 18. h5 f4 19. Qd4+ Kg8 20. hxg6 Nxg6 21. Bd3 Nf5 22. Qc4 Kg7 23. Rh5 b5 24. Qb3 Nd6 25. Rdh1 Rh8 26. Bxg6 Kxg6 27. Qc2+ Bf5 28. Rxf5 Nxf5 29. Nh4+ Kf7 30. Qxf5+ Qf6 31. Qh5+ Ke7 32. Ne4 Qf7 33. Qe5+ Kd7 34. Nc5+ Kd8 35. Qxh8+ 1-0

[Event "Subic Bay op"]
[Site "Subic Bay"]
[Date "2009.05.27"]
[Round "4"]
[White "Mohota, Nisha"]
[Black "Tejas, Ravichandran"]
[Result "1-0"]
[WhiteElo "2304"]
[BlackElo "2177"]
[PlyCount "87"]
[EventDate "2009.05.25"]
[EventType "swiss"]
[EventRounds "9"]
[EventCountry "PHI"]
[SourceTitle "CBM 130 Extra"]
[Source "ChessBase"]
[SourceDate "2009.07.02"]
[SourceVersion "2"]
[SourceVersionDate "2009.07.15"]
[SourceQuality "1"]

1. d4 Nf6 2. c4 e6 3. Nf3 d5 4. Nc3 Bb4 5. cxd5 exd5 6. Bg5 Nbd7 7. Rc1 c6 8. e3 h6 9. Bh4 0-0 10. Bd3 Re8 11. 0-0 Bd6 12. Re1 Qb6 13. Qc2 Be7 14. Bg3 Nf8 15. h3 Be6 16. Ne5 Rac8 17. f4 c5 18. Bf2 Qa5 19. dxc5 Bxc5 20. a3 Qc7 21. Qd2 Qb8 22. Nf3 Bd7 23. Bb1 Qd6 24. Red1 Bc6 25. b4 Bb6 26. e4 Bxf2+ 27. Kxf2 d4 28. e5 Qd8 29. Nxd4 Nd5 30. Nxc6 bxc6 31. Nxd5 cxd5 32. Rxc8 Qxc8 33. Qxd5 Ne6 34. Qe4 g6 35. Ba2 Qc3 36. Qe3 Qc2+ 37. Rd2 Qf5 38. Bxe6 Rxe6 39. g4 Qb1 40. Qxa7 Qh1 41. Qe3 Rc6 42. Kg3 Rc1 43. e6 Rg1+ 44. Kh4 1-0

[Event "New Delhi Parsvnath op 7th"]
[Site "New Delhi"]
[Date "2009.01.17"]
[Round "8"]
[White "Himanshu, Sharma"]
[Black "Tejas, Ravichandran"]
[Result "1-0"]
[WhiteElo "2405"]
[BlackElo "2189"]
[PlyCount "107"]
[EventDate "2009.01.11"]
[EventType "swiss"]
[EventRounds "10"]
[EventCountry "IND"]
[SourceTitle "CBM 128 Extra"]
[Source "ChessBase"]
[SourceDate "2009.03.05"]
[SourceVersion "2"]
[SourceVersionDate "2009.03.25"]
[SourceQuality "1"]

1. Nf3 Nf6 2. g3 e6 3. Bg2 Be7 4. 0-0 0-0 5. d3 d5 6. Nbd2 b6 7. Re1 Bb7 8. c3 Nbd7 9. Qc2 Re8 10. e4 dxe4 11. dxe4 Nc5 12. Bf1 a5 13. a4 Ra7 14. Nd4 e5 15. Nf5 Bf8 16. f3 Bc8 17. Bb5 Bd7 18. Bxd7 Qxd7 19. Nc4 Qd3 20. Qxd3 Nxd3 21. Rd1 Nxc1 22. Raxc1 Bc5+ 23. Kf1 g6 24. Nh4 c6 25. Ra1 Kf8 26. Ng2 Rd7 27. Ke2 Re6 28. Ne1 Rb7 29. Rd8+ Ke7 30. Rad1 Nd7 31. Ra8 f6 32. g4 Rc7 33. h4 Kf7 34. Rd8 Ke7 35. Ra8 Kf7 36. Nd3 Bf8 37. h5 Re8 38. hxg6+ hxg6 39. Rxe8 Kxe8 40. g5 Bg7 41. gxf6 Bxf6 42. f4 exf4 43. Nxf4 Nc5 44. Nd6+ Ke7 45. Nxg6+ Ke6 46. Nf4+ Ke5 47. Kf3 Bg5 48. Nc4+ Kf6 49. Rd6+ Ke7 50. Ng6+ Kf7 51. Nge5+ Ke8 52. Nxb6 Re7 53. Nbc4 Nxa4 54. Rg6 1-0

[Event "New Delhi Parsvnath op 7th"]
[Site "New Delhi"]
[Date "2009.01.14"]
[Round "5"]
[White "Tejas, Ravichandran"]
[Black "Suvrajit, Saha"]
[Result "1/2-1/2"]
[WhiteElo "2189"]
[BlackElo "2368"]
[PlyCount "104"]
[EventDate "2009.01.11"]
[EventType "swiss"]
[EventRounds "10"]
[EventCountry "IND"]
[SourceTitle "CBM 128 Extra"]
[Source "ChessBase"]
[SourceDate "2009.03.05"]
[SourceVersion "2"]
[SourceVersionDate "2009.03.25"]
[SourceQuality "1"]

1. Nf3 Nf6 2. c4 d6 3. d4 Nbd7 4. b4 e5 5. e3 c6 6. Be2 a5 7. b5 cxb5 8. cxb5 e4 9. Nfd2 d5 10. a4 Bd6 11. Ba3 Nf8 12. Nc3 Bxa3 13. Rxa3 h5 14. Qc2 Qd6 15. Ra1 Ne6 16. Rc1 Bd7 17. b6 0-0 18. Qa2 Rfc8 19. 0-0 Rc6 20. Nb5 Qb8 21. f3 exf3 22. Nxf3 Rxb6 23. Ne5 Be8 24. Bd3 Qd8 25. Qc2 Bxb5 26. Bxb5 Qe7 27. Bd3 Rd6 28. Qf2 Rdd8 29. Qf5 Rac8 30. Rxc8 Rxc8 31. g4 Rc3 32. g5 Ne4 33. g6 fxg6 34. Qxg6 Qg5+ 35. Qxg5 N6xg5 36. h4 Ne6 37. Bxe4 dxe4 38. d5 Nd8 39. Rf4 Rc5 40. Nd7 Rc1+ 41. Kf2 Nf7 42. Rxe4 Nd6 43. Re6 Nf5 44. e4 Rc2+ 45. Kf1 Nxh4 46. d6 Nf3 47. Re8+ Kh7 48. Nf8+ Kh6 49. d7 Rd2 50. d8Q Nh2+ 51. Ke1 Nf3+ 52. Kf1 Nh2+ 1/2-1/2

[Event "Asia-ch U20"]
[Site "Chennai"]
[Date "2008.12.13"]
[Round "8"]
[White "Tejas, Ravichandran"]
[Black "Stany, George Anthony"]
[Result "1-0"]
[WhiteElo "2156"]
[BlackElo "2302"]
[PlyCount "95"]
[EventDate "2008.12.05"]
[EventType "swiss"]
[EventRounds "9"]
[EventCountry "IND"]
[SourceTitle "CBM 127 Extra"]
[Source "ChessBase"]
[SourceDate "2009.01.08"]
[SourceVersion "2"]
[SourceVersionDate "2009.01.28"]
[SourceQuality "1"]

1. Nf3 Nf6 2. c4 e6 3. Nc3 Bb4 4. Qb3 a5 5. g3 b6 6. Bg2 Bb7 7. 0-0 0-0 8. d3 Na6 9. e4 Nc5 10. Qc2 Bxc3 11. Qxc3 d6 12. e5 dxe5 13. Nxe5 Bxg2 14. Kxg2 Qd6 15. Bf4 Nh5 16. Be3 Na4 17. Qd4 Rfd8 18. Qxd6 cxd6 19. Nc6 Rd7 20. b3 Nc5 21. Rfd1 Rc8 22. Nd4 Nf6 23. Rab1 Ng4 24. Nb5 Nxe3+ 25. fxe3 Kf8 26. Kf3 f5 27. a3 Ke7 28. b4 Nb7 29. Nc3 axb4 30. Rxb4 Ra8 31. a4 Nc5 32. d4 Na6 33. Rxb6 Rc7 34. c5 dxc5 35. d5 Rd7 36. Rxe6+ Kf7 37. Rc6 Ke7 38. Kf4 g6 39. e4 fxe4 40. Kxe4 Nb4 41. Rxc5 Re8 42. Kd4 Kf7 43. Ne4 Red8 44. Rf1+ Kg7 45. d6 Ra7 46. a5 Rxa5 47. Rc7+ Kh6 48. Rff7 1-0

[Event "Asia-ch U20"]
[Site "Chennai"]
[Date "2008.12.12"]
[Round "7"]
[White "Debashis, Das"]
[Black "Tejas, Ravichandran"]
[Result "1-0"]
[WhiteElo "2310"]
[BlackElo "2156"]
[PlyCount "89"]
[EventDate "2008.12.05"]
[EventType "swiss"]
[EventRounds "9"]
[EventCountry "IND"]
[SourceTitle "CBM 127 Extra"]
[Source "ChessBase"]
[SourceDate "2009.01.08"]
[SourceVersion "2"]
[SourceVersionDate "2009.01.28"]
[SourceQuality "1"]

1. e4 e6 2. d4 d5 3. Nd2 Nf6 4. e5 Nfd7 5. Bd3 c5 6. c3 Nc6 7. Ngf3 f6 8. exf6 Nxf6 9. 0-0 cxd4 10. cxd4 Bd6 11. Re1 0-0 12. Nb3 Qc7 13. Bg5 Ng4 14. h3 Bh2+ 15. Kf1 Nxf2 16. Kxf2 Qg3+ 17. Ke3 e5 18. dxe5 Nxe5 19. Be2 Nxf3 20. Qxd5+ Kh8 21. Bxf3 Bf5 22. h4 h6 23. Be7 Qf4+ 24. Kf2 Bg3+ 25. Kf1 Bxe1 26. Rxe1 Rfe8 27. g3 Bh3+ 28. Kf2 Qc7 29. Qxb7 Qc2+ 30. Re2 Qd1 31. Re1 Qc2+ 32. Re2 Qd1 33. g4 Rab8 34. Qe4 h5 35. gxh5 Rb6 36. Nc5 Qf1+ 37. Kg3 Rf6 38. Bxf6 Rxe4 39. Nxe4 gxf6 40. Nd2 Qg1+ 41. Kxh3 Qd4 42. Ne4 f5 43. Ng3 f4 44. Re8+ Kh7 45. Be4+ 1-0

[Event "Commonwealth-ch"]
[Site "Nagpur"]
[Date "2008.10.05"]
[Round "10"]
[White "Tejas, Ravichandran"]
[Black "West, Guy"]
[Result "1/2-1/2"]
[WhiteElo "2124"]
[BlackElo "2342"]
[PlyCount "55"]
[EventDate "2008.09.28"]
[EventType "swiss"]
[EventRounds "11"]
[EventCountry "IND"]
[SourceTitle "CBM 126 Extra"]
[Source "ChessBase"]
[SourceDate "2008.11.05"]
[SourceVersion "1"]
[SourceVersionDate "2008.11.05"]
[SourceQuality "1"]

1. Nf3 Nf6 2. c4 c5 3. Nc3 e6 4. d4 cxd4 5. Nxd4 Bb4 6. Ndb5 d5 7. cxd5 exd5 8. Bg5 0-0 9. Rc1 Nc6 10. e3 Be6 11. Be2 h6 12. Bh4 d4 13. Nxd4 Nxd4 14. exd4 Bxa2 15. 0-0 Be6 16. Bf3 g5 17. Bg3 Nd5 18. Be4 Re8 19. Qf3 Bxc3 20. bxc3 b5 21. Be5 g4 22. Qg3 Qg5 23. f4 gxf3 24. Qxf3 Rad8 25. Qd3 f6 26. Bg3 a5 27. Ra1 a4 28. Be1 1/2-1/2

[Event "Commonwealth-ch"]
[Site "Nagpur"]
[Date "2008.10.01"]
[Round "5"]
[White "Sathya, Priya SV"]
[Black "Tejas, Ravichandran"]
[Result "0-1"]
[WhiteElo "1883"]
[BlackElo "2124"]
[PlyCount "46"]
[EventDate "2008.09.28"]
[EventType "swiss"]
[EventRounds "11"]
[EventCountry "IND"]
[SourceTitle "CBM 126 Extra"]
[Source "ChessBase"]
[SourceDate "2008.11.05"]
[SourceVersion "1"]
[SourceVersionDate "2008.11.05"]
[SourceQuality "1"]

1. d4 Nf6 2. c4 e6 3. Nc3 Bb4 4. e3 b6 5. Nf3 Bb7 6. Qb3 c5 7. a3 Bxc3+ 8. Qxc3 Ne4 9. Qc2 0-0 10. Bd3 f5 11. 0-0 d6 12. Nd2 Qh4 13. dxc5 Nxc5 14. Be2 Rf6 15. Bf3 Rh6 16. h3 Ne4 17. Nxe4 fxe4 18. Be2 Nd7 19. Rd1 Rg6 20. Bg4 Ne5 21. Rxd6 Nxg4 22. hxg4 Qxg4 23. g3 Qh3 0-1